000
00344 a2200145 4500
999
_c
12647
_d
12647
003
OSt
005
20240430201514.0
008
240430b ||||| |||| 00| 0 eng d
020
_a
9781138076006
082
_a
720.87
100
_a
Roberta Null
245
_a
Universal Design Principles and Models
260
_b
Taylor & Francis
942
_2
ddc